| 000 | 00467nam a2200145Ia 4500 | ||
|---|---|---|---|
| 008 | 220325s9999||||xx |||||||||||||| ||und|| | ||
| 020 | _a979-8980-00-x | ||
| 084 | _a1128-0013 RAS Gov Bo | ||
| 100 | _aMuhammad Ryaas Rasyid | ||
| 245 | 0 | _aMakna Pemerintahan: Tinjauan Dari Segi Etika dan Kepemimpinan | |
| 260 |
_aJakarta _bPT. Yarsif Watampone _c1997 |
||
| 300 | _ai-xiv + 163 hlm | ||
| 650 |
_aGovernment (Pemerintahan) _eG-O-V _yEtika dan Kepemimpinan |
||
| 942 | _cBK | ||
| 999 |
_c17962 _d17962 |
||